000 00430nam a2200169Ia 4500
008 230524s9999 xx 000 0 und d
082 _a621.317
_bRAM
100 _aSimon Ramo
245 0 _aFields and Waves in Communication Electronics
250 _a3RD
260 _aSINGAPORE
_bJohn Wiley
_c1994
300 _aXIX;844
500 _aQuantity Number: 2
650 _aElectronics
700 _a John R.Whinnery
942 _cBK
999 _c12754
_d12754